How many Metra stations can you name? - Statistics

General Stats
  • This quiz has been taken 190 times
  • The average score is 131 of 253
Answer Stats
Line Milepost Station % Correct
BNSF 0.0 Union Station
100%
Heritage Corridor 0.0 Union Station
100%
Milwaukee District North 0.0 Union Station
100%
Milwaukee District West 0.0 Union Station
100%
North Central Service 0.0 Union Station
100%
SouthWest Service 0 Union Station
100%
BNSF 37.5 Aurora
96%
BNSF 7 Cicero
92%
Milwaukee District West 6.5 Grand / Cicero
92%
Heritage Corridor 37.3 Joliet
92%
Rock Island District 40 Joliet
92%
Metra Electric-Blue Island 18.9 Blue Island
83%
Rock Island District 15.7 Blue Island
83%
Union Pacific Northwest -McHenry Branch 50.6 McHenry
83%
Metra Electric 0 Millennium Station
83%
BNSF 21.2 Main St
79%
BNSF 28.5 Naperville
79%
Union Pacific North 35.9 Waukegan
79%
Metra Electric 12 95th St
75%
Rock Island District-Beverly Branch 11.7 95th St
75%
Union Pacific North 13.3 Central St
75%
Milwaukee District West 36.6 Elgin
75%
Union Pacific North 51.5 Kenosha
75%
Rock Island District 0 LaSalle St
75%
SouthWest Service 40.8 Manhattan
75%
Union Pacific West 8.5 Oak Park
75%
Union Pacific North 0 Ogilvie
75%
Union Pacific Northwest 0 Ogilvie
75%
Union Pacific West 0.0 Ogilvie
75%
BNSF 9.6 Berwyn
71%
BNSF 12.3 Brookfield
71%
Union Pacific North 8.1 Peterson/Ridge
71%
Metra Electric 31.5 University Park
71%
Metra Electric 0.8 Van Buren St
71%
BNSF 3.8 Western Ave
71%
Milwaukee District North 2.9 Western Ave
71%
Milwaukee District West 2.9 Western Ave
71%
North Central Service 2.9 Western Ave
71%
Metra Electric 13 103rd St
67%
Rock Island District-Beverly Branch 12.8 103rd St
67%
Rock Island District 12 103rd - Washington Hgts
67%
Metra Electric 13.5 107th St.
67%
Rock Island District-Beverly Branch 13.3 107th St
67%
Metra Electric 14 111th St
67%
Rock Island District-Beverly Branch 13.8 111th St
67%
Union Pacific Northwest 22.8 Arlington Heights
67%
BNSF 22.6 Belmont
67%
North Central Service 13 Belmont Ave
67%
BNSF 1.8 Halsted St
67%
Union Pacific Northwest 63.1 Harvard
67%
Union Pacific Northwest 7 Irving Park
67%
Union Pacific Northwest 9.1 Jefferson Park
67%
Union Pacific West 3.6 Kedzie
67%
Milwaukee District North 35.5 Libertyville
67%
Union Pacific North 11 Main St
67%
Metra Electric 1.4 Museum Campus / 11th St
67%
North Central Service 17.1 O'Hare
67%
BNSF 31.6 Route 59
67%
SouthWest Service 23.6 143rd St
63%
SouthWest Service 25.2 153rd St
63%
SouthWest Service 28.9 179th St
63%
Rock Island District 3.1 35th Street
63%
Metra Electric 7.4 59th St
63%
Metra Electric 11.4 91st St
63%
Rock Island District-Beverly Branch 11.3 91st St
63%
North Central Service 52.8 Antioch
63%
Union Pacific Northwest 31.9 Barrington
63%
Milwaukee District West 39.8 Big Timber
63%
Union Pacific North 12 Davis St
63%
Milwaukee District North 49.5 Fox Lake
63%
BNSF 16.9 Hinsdale
63%
BNSF 11.8 Hollywood
63%
Metra Electric 2.7 McCormick Place
63%
North Central Service 15.6 Rosemont
63%
Milwaukee District West 26.5 Schaumburg
63%
Union Pacific North 42.1 Zion
63%
Metra Electric 7.9 63rd St
58%
Metra Electric 10 79th St
58%
Rock Island District-Beverly Branch 12.3 99th St
58%
Union Pacific Northwest 38.6 Cary
58%
Milwaukee District North 17.4 Glenview
58%
Milwaukee District North 14.3 Morton Grove
58%
Union Pacific North 33.7 North Chicago
58%
SouthWest Service 15.2 Oak Lawn Patriot
58%
Union Pacific Northwest 26.4 Palatine
58%
SouthWest Service 20.3 Palos Park
58%
Union Pacific North 6.5 Ravenswood
58%
Rock Island District 23.5 Tinley Park
58%
Union Pacific West 29.8 West Chicago
58%
Metra Electric 10.4 83rd St
54%
Metra Electric-South Chicago 12 83rd St
54%
Metra Electric 10.9 87th St
54%
Metra Electric-South Chicago 12.5 87th St
54%
Union Pacific Northwest 24.4 Arlington Park
54%
North Central Service 29.5 Buffalo Grove
54%
SouthWest Service 16.8 Chicago Ridge
54%
Union Pacific Northwest 43.2 Crystal Lake
54%
Union Pacific Northwest 15 Dee Road
54%
Union Pacific West 43.6 Elburn
54%
Union Pacific West 15.7 Elmhurst
54%
Milwaukee District North 41 Grayslake
54%
Union Pacific North 23 Highland Park
54%
BNSF 13.8 LaGrange Rd
54%
Milwaukee District North 28.4 Lake Forest
54%
Union Pacific North 28.3 Lake Forest
54%
Heritage Corridor 32.9 Lockport
54%
Milwaukee District West 9.1 Mars
54%
Union Pacific West 11.3 Melrose Park
54%
Milwaukee District North 21.1 Northbrook
54%
Union Pacific West 25 Wheaton
54%
Union Pacific North 14.4 Wilmette
54%
Union Pacific North 16.6 Winnetka
54%
Union Pacific Northwest 51.6 Woodstock
54%
Metra Electric 2.2 18th St
50%
Metra Electric 9.3 75th St
50%
Union Pacific North 2.9 Clybourn
50%
Union Pacific Northwest 2.9 Clybourn
50%
Union Pacific Northwest 17.1 Des Plaines
50%
BNSF 20.4 Fairview Ave
50%
Milwaukee District West 13.2 Franklin Park
50%
Union Pacific West 35.5 Geneva
50%
Milwaukee District North 16.2 Golf
50%
Union Pacific West 40.9 La Fox
50%
BNSF 24.5 Lisle
50%
Rock Island District 34 New Lenox
50%
Milwaukee District North 18.8 North Glenview
50%
Union Pacific Northwest 11.4 Norwood Park
50%
Rock Island District-Beverly Branch 15.8 Prairie St
50%
Union Pacific West 9.7 River Forest
50%
Milwaukee District West 11.4 River Grove
50%
North Central Service 11.4 River Grove
50%
Heritage Corridor 29.2 Romeoville
50%
North Central Service 14.8 Schiller Park
50%
Metra Electric-Blue Island 15.6 State St
50%
Heritage Corridor 11.9 Summit
50%
BNSF 15.5 Western Springs
50%
Union Pacific North 44.5 Winthrop Harbor
50%
SouthWest Service 18.2 Worth
50%
Rock Island District-Beverly Branch 14.3 115th St
46%
Rock Island District-Beverly Branch 14.8 119th St
46%
Metra Electric 3.2 27th St
46%
Metra Electric 5.9 47th St
46%
Metra Electric 6.5 53rd St
46%
Union Pacific Northwest 12.6 Edison Park
46%
Union Pacific Northwest 10.1 Gladstone Park
46%
Union Pacific North 32 Great Lakes
46%
Metra Electric 23.5 Homewood
46%
Milwaukee District North 23 Lake Cook
46%
BNSF 9.1 LaVergne
46%
Union Pacific West 19.9 Lombard
46%
Milwaukee District West 14 Mannheim
46%
Metra Electric 28.2 Matteson
46%
Milwaukee District North 9 Mayfair
46%
SouthWest Service 19.2 Palos Heights
46%
Union Pacific Northwest 13.5 Park Ridge
46%
Milwaukee District North 39.2 Prairie Crossing
46%
North Central Service 40.7 Prairie Crossing
46%
North Central Service 24 Prospect Heights
46%
Union Pacific North 21.5 Ravinia
46%
BNSF 11.1 Riverside
46%
Union Pacific North 9.4 Rogers Park
46%
Milwaukee District North 44 Round Lake
46%
BNSF 19.5 Westmont
46%
Heritage Corridor 17.5 Willow Springs
46%
Rock Island District-Beverly Branch 15.2 123rd St
42%
Metra Electric 7 55th-56th-57th St
42%
Rock Island District 25.1 80th Ave
42%
Metra Electric-South Chicago 13.2 93rd St
42%
SouthWest Service 12.6 Ashburn
42%
Metra Electric-Blue Island 17.9 Ashland Ave
42%
Union Pacific West 12.6 Bellwood
42%
Union Pacific West 14.3 Berkeley
42%
Union Pacific West 23.8 College Ave
42%
Union Pacific Northwest 37.9 Fox River Grove
42%
Union Pacific West 22.4 Glen Ellyn
42%
BNSF 10.1 Harlem Ave
42%
Union Pacific North 15.2 Kenilworth
42%
Union Pacific North 30.2 Lake Bluff
42%
SouthWest Service 35.8 Laraway Rd
42%
Heritage Corridor 25.3 Lemont
42%
Milwaukee District North 46 Long Lake
42%
Union Pacific West 10.5 Maywood
42%
Rock Island District 18.4 Midlothian
42%
Rock Island District 29.6 Mokena
42%
Milwaukee District West 9.5 Mont Clare
42%
Union Pacific Northwest 20 Mount Prospect
42%
Milwaukee District West 36 National St
42%
Rock Island District 20.4 Oak Forest
42%
Union Pacific Northwest 41.7 Pingree Road
42%
Metra Electric-Blue Island 17 Racine Ave
42%
North Central Service 45.9 Round Lake Beach
42%
BNSF 14.2 Stone Ave
42%
Union Pacific West 17.8 Villa Park
42%
North Central Service 27.2 Wheeling
42%
Metra Electric-South Chicago 9.7 Bryn Mawr
38%
BNSF 18.3 Clarendon Hills
38%
Milwaukee District North 24.2 Deerfield
38%
Metra Electric 24.9 Flossmoor
38%
Rock Island District 9.8 Gresham
38%
Milwaukee District North 6.4 Healy
38%
BNSF 16.4 Highlands
38%
Milwaukee District North 47.8 Ingleside
38%
Milwaukee District West 23 Medinah
38%
North Central Service 36.9 Mundelein
38%
Union Pacific North 21.2 Ravinia Park
38%
Metra Electric 17.3 Riverdale
38%
Milwaukee District West 23.9 Roselle
38%
North Central Service 43.9 Washington St
38%
BNSF 17.8 West Hinsdale
38%
Union Pacific West 27.5 Winfield
38%
SouthWest Service 11.9 Wrightwood
38%
Milwaukee District West 30.1 Bartlett
33%
Milwaukee District West 17.2 Bensenville
33%
Metra Electric-Blue Island 18.4 Burr Oak
33%
BNSF 13.1 Congress Park
33%
Union Pacific Northwest 18.6 Cumberland
33%
Milwaukee District North 11.6 Edgebrook
33%
Milwaukee District West 28.4 Hanover Park
33%
Rock Island District 27.5 Hickory Creek
33%
Union Pacific North 15.8 Indian Hill
33%
Metra Electric 26.6 Olympia Fields
33%
Metra Electric 29.3 Richton Park
33%
Rock Island District 17.2 Robbins
33%
Metra Electric-South Chicago 10.3 South Shore
33%
Metra Electric 27.6 211th St
29%
Union Pacific North 20.5 Braeside
29%
Milwaukee District West 10.2 Elmwood Park
29%
Milwaukee District North 10.2 Forest Glen
29%
Union Pacific North 19.2 Glencoe
29%
Milwaukee District North 8.2 Grayland
29%
Metra Electric 20 Harvey
29%
Union Pacific North 17.7 Hubbard Woods
29%
North Central Service 33 Vernon Hills
29%
Rock Island District-Beverly Branch 10.6 Brainerd
25%
Metra Electric 22.8 Calumet
25%
Union Pacific North 25.7 Fort Sheridan
25%
Milwaukee District West 7.7 Hanson Park
25%
Metra Electric 22.3 Hazel Crest
25%
Union Pacific North 24.5 Highwood
25%
Milwaukee District West 21.1 Itasca
25%
Metra Electric 18.2 Ivanhoe
25%
Metra Electric 14.5 Kensington
25%
North Central Service 48.2 Lake Villa
21%
Rock Island District 10.9 Longwood
21%
Metra Electric-South Chicago 9.1 Stony Island
21%
Metra Electric-Blue Island 16.7 West Pullman
21%
Milwaukee District West 19.1 Wood Dale
21%
Milwaukee District West 8.6 Galewood
17%
North Central Service 31.6 Prairie View
17%
Metra Electric 19 147th St
13%
Metra Electric-South Chicago 11.5 Cheltenham
13%
Metra Electric-Blue Island 16 Stewart Ridge
13%
Metra Electric-South Chicago 10.9 Windsor Park
13%
No matching quizzes found
Score Distribution
Percent of People with Each Score
Percentile by Number Answered
Your Score History
You have not taken this quiz